Unclassical traditions, i: alternatives to the classical pastin late antiquity /

Guardado en:
Otros Autores: Kelly, Christopher, ed., Flower, Richard, ed., Williams, Michael Stuart, ed.
Formato: Libro
Publicado: Cambridge : University Press, 2010
Materias:
Etiquetas: Agregar Etiqueta
Sin Etiquetas, Sea el primero en etiquetar este registro!
LEADER 00705nam a22001935a 4500
001 EHU.bham041221
003 AR-BHAM
005 20111019115907.0
008 130507s2010##################000#0#####d
020 |a 97809060114332 
082 8 7 |a 870.7 
245 0 0 |a Unclassical traditions, i: alternatives to the classical pastin late antiquity /  |c Ed. Por Christopher Kelly, Richard Flower And Michael Stuart Williams 
260 |a Cambridge :  |b University Press,  |c 2010 
300 |a 156 p. 
653 |a Literatura latina-estudios 
700 1 |a Kelly, Christopher, ed. 
700 1 |a Flower, Richard, ed. 
700 1 |a Williams, Michael Stuart, ed. 
859 |a AR-BHAM  |b BIB. HUMANIDADES - General  |h 870.7  |i Un1  |p 483.11  |t Ej.1  |v I  |3 I